| 000 | 00593nam a2200181Ia 4500 | ||
|---|---|---|---|
| 005 | 20250507130154.0 | ||
| 008 | 008 250505s9999 xx 000 0 eng d | ||
| 037 | _aDIS | ||
| 040 |
_aEASL _beng _cEASL |
||
| 041 |
_aeng _2eng |
||
| 084 |
_a0000191, SIN _qEASL |
||
| 100 | _aSingh Urvashi | ||
| 245 | 0 | _aChina and South Asia: Understanding from a 'Region' perspective. Dr. Abanti Bhattacharya | |
| 260 |
_aIndia _bUniversity of Delhi. Social Sciences. East Asian Studies (Delhi India) _c2017 |
||
| 300 | _a135p. | ||
| 942 |
_cDIS _h0000191, SIN |
||
| 999 |
_c1318080 _d1318080 |
||